Statistics for Words for Government

Click here to take the quiz!

General Stats

  • This quiz has been taken 57,778 times
  • The average score is 7 of 14

Answer Stats

Who RulesWord% Correct
The people{Demo}cracy
96%
A king or queen{Mon}archy
96%
No one{An}archy
77%
Religious leaders{Theo}cracy
57%
Men{Patri}archy
53%
Women{Matri}archy
49%
A social elite{Olig}archy
48%
Hereditary nobles{Aristo}cracy
46%
A single person{Auto}cracy
36%
The rich{Pluto}cracy
31%
Government officials{Bureau}cracy
30%
The most able{Merito}cracy
28%
Thieves{Klepto}cracy
16%
The elderly{Geronto}cracy
11%

Score Distribution

Percentile by Number Answered

Percent of People with Each Score

Your Score History

You have not taken this quiz